000
00291nam a22001337a 4500
008
170615b xxu||||| |||| 00| 0 eng d
020
_a
9780767411295
041
_a
eng
080
_2
4TH
_a
32
100
_a
19
101
_a
SHP
245
_a
AMERICAN VOICES
_c
IAGUARDIA,D
942
_2
udc
_c
BK
999
_c
17641
_d
17641